00390nam a2200169Ia 4500003000400000005001700004008004100021020001900062040000700081041000800088082001600096100001900112245003100131260003700162300000900199650001200208OSt20250821151541.0250729s2005 xx 000 0 und d a978-8126120772 cAL aeng a574.07 MEHM aMehadi Sagheer aModern teaching of biology aNew DelhibAnmol Publisherc2005 a395p aBiology